000
00269nam a2200097Ia 4500
008
220204s9999 xx 000 0 und d
082
_a
339.18(620)
_b
ECO
245
0
_a
Economic and commercial reports: U A R
260
_a
New Delhi
_b
Ministry of Commerce
_c
1963
942
_c
BK
999
_c
35317
_d
35317